Movies Quiz

Random Movies or Decade Quiz

Quick Pick: '00s Oscar Winning Movies Quiz Stats

Quiz not verified by Sporcle

Challenge
Share
Tweet
Embed
Score 0/10 Timer 01:00
0 Plays Today
% Correct
Gladiator
80.5%
A Beautiful Mind
77%
Chicago
77%
The Hurt Locker
73%
The Lord of the Rings: The Return of the King
70.7%
Crash
70.7%
The Departed
69.5%
Million Dollar Baby
66.7%
Slumdog Millionaire
66.7%
No Country for Old Men
62.6%

You're not logged in!

Compare scores with friends on all Sporcle quizzes.
Sign Up with Email
OR
Log In

You Might Also Like...

Show Comments

Extras

Top Quizzes Today


Score Distribution

Your Account Isn't Verified!

In order to create a playlist on Sporcle, you need to verify the email address you used during registration. Go to your Sporcle Settings to finish the process.

Report this User

Report this user for behavior that violates our Community Guidelines.

Details: